000 00430cam a2200169ua 4500
020 _cRs.15/-
041 _aeng
_h
082 _a338.9
_bGAD/PL
100 _aD . R. Gadgil, Gadgil .
245 _aplanning and economic policy in India
260 _aAsia :
_bGokhale Institute politics and economics, pub ,
_c1962.
300 _a272 ; .
365 _aRs.15/-
504 _a
942 _cBK
999 _c11253
_d11253